Plant physiology: A treatise. V 6B. Physiology of development: The hormones (Record no. 36999)

MARC details
000 -LEADER
fixed length control field 00512nam a2200181Ia 4500
082 ## - DEWEY DECIMAL CLASSIFICATION NUMBER
Classification number 581.1
Item number STE.6B
245 #0 - TITLE STATEMENT
Title Plant physiology: A treatise. V 6B. Physiology of development: The hormones
260 ## - PUBLICATION, DISTRIBUTION, ETC. (IMPRINT)
Place of publication New York
Name of publisher Academic
Year of publication 1972
490 ## - SERIES STATEMENT
Series statement Plant Physiology: A treatise; v 6B
650 ## - SUBJECT ADDED ENTRY--TOPICAL TERM
Topical Term Cytokinin
650 ## - SUBJECT ADDED ENTRY--TOPICAL TERM
Topical Term Ethylene
650 ## - SUBJECT ADDED ENTRY--TOPICAL TERM
Topical Term Gibberellin
650 ## - SUBJECT ADDED ENTRY--TOPICAL TERM
Topical Term Plant hormone
650 ## - SUBJECT ADDED ENTRY--TOPICAL TERM
Topical Term Plant Physiology
700 ## - ADDED ENTRY--PERSONAL NAME
Personal name STEWARD, F C
942 ## - ADDED ENTRY ELEMENTS (KOHA)
Koha item type Books
Holdings
Withdrawn status Lost status Damaged status Not for loan Home library Current library Date acquired Full call number Accession Number Koha item type
        RRII Library RRII Library 16/12/2021 581.1 STE.6B 17391 Books